UM Logo

Advanced practice nursing : (Record no. 5248)

MARC details
000 -LEADER
fixed length control field 00952cam a22002774a 4500
001 - CONTROL NUMBER
control field 13260272
005 - DATE AND TIME OF LATEST TRANSACTION
control field 20161015112629.0
008 - FIXED-LENGTH DATA ELEMENTS--GENERAL INFORMATION
fixed length control field 030702s2004 paua b 001 0 eng
010 ## - LIBRARY OF CONGRESS CONTROL NUMBER
LC control number 2003057397
020 ## - INTERNATIONAL STANDARD BOOK NUMBER
International Standard Book Number 0-8036-1119-6
040 ## - CATALOGING SOURCE
Original cataloging agency DLC
Transcribing agency DLC
Modifying agency DLC
042 ## - AUTHENTICATION CODE
Authentication code pcc
050 00 - LIBRARY OF CONGRESS CALL NUMBER
Classification number RT82.8
Item number .J64 2004
082 00 - DEWEY DECIMAL CLASSIFICATION NUMBER
Classification number DC 610.73092
Edition number 2004
Item number J59
100 1# - MAIN ENTRY--PERSONAL NAME
Personal name Joel, Lucille A.
245 10 - TITLE STATEMENT
Title Advanced practice nursing :
Remainder of title essentials for role development /
Statement of responsibility, etc. Lucille A. Joel.
260 ## - PUBLICATION, DISTRIBUTION, ETC. (IMPRINT)
Place of publication, distribution, etc. Philadelphia :
Name of publisher, distributor, etc. F.A. Davis,
Date of publication, distribution, etc. c2004.
300 ## - PHYSICAL DESCRIPTION
Extent xxi, 681 pages :
Other physical details illustrations ;
Dimensions 23 cm.
504 ## - BIBLIOGRAPHY, ETC. NOTE
Bibliography, etc Includes bibliographical references and index.
650 #0 - SUBJECT ADDED ENTRY--TOPICAL TERM
Topical term or geographic name as entry element Nurse practitioners.
650 #0 - SUBJECT ADDED ENTRY--TOPICAL TERM
Topical term or geographic name as entry element Nursing.
365 ## - TRADE PRICE
Price amount 3,995.00
Currency code Php
906 ## - LOCAL DATA ELEMENT F, LDF (RLIN)
a 7
b cbc
c orignew
d 1
e ocip
f 20
g y-gencatlg
942 ## - ADDED ENTRY ELEMENTS (KOHA)
Source of classification or shelving scheme Dewey Decimal Classification
Koha item type Circulation
Holdings
Withdrawn status Lost status Source of classification or shelving scheme Damaged status Not for loan Collection code Home library Current library Date acquired Source of acquisition Total Checkouts Full call number Barcode Date last seen Cost, replacement price Price effective from Koha item type
    Dewey Decimal Classification     Circulation UM Digos College - LIC UM Digos College - LIC 07/02/2004 Purchased   DC 610.73092 J59 2004 17426 04/14/2025 3995.00 10/15/2016 Circulation